| 000 | 00867nas a2200289 4500 | ||
|---|---|---|---|
| 001 | BR0807806 | ||
| 003 | BR-BrBNA | ||
| 005 | 20231205112735.0 | ||
| 007 | ta | ||
| 008 | 230509b bl.|||p| |||| 00| 00por d | ||
| 040 |
_aBR-BrBNA _bpor _cBiblioteca Nacional de Agricultura |
||
| 041 | _a(En) | ||
| 072 | _aL74 | ||
| 100 | 1 | _aGalhardo, M. | |
| 100 | 1 | _aBirgei, E.H. | |
| 100 | 1 | _aSoares, L.M. | |
| 100 | 1 | _aFurlani, R.P.Z. | |
| 100 | 1 | _aBirgel, E.H. | |
| 245 | 1 | _aPoisoing by Diacetosyscirpenol in cattle fed citrus pulp in the state of São Paulo | |
| 650 | _aBOVINO | ||
| 650 | _aINTOXICAÇÃO | ||
| 650 | _aCITRUS | ||
| 650 | _aSÃO PAULO | ||
| 773 | 0 |
_tBrazilian Journal of Veterinary Research and Animal Science (Brazil) _xISSN 1413-9596 _g(1997), v. 34(2) p. 90-91 _wBR0807806 |
|
| 909 |
_a202311 _bLúcia _c55 _dLúcia Elande |
||
| 942 |
_2AGRIS _n0 _cANA |
||
| 999 |
_c199698 _d199698 |
||